000 00612nam a2200229Ia 4500
005 20250108125004.0
008 008 250107s9999 xx 000 0 eng d
020 _a978-81-269-2866-8
037 _aTB
040 _aCRL
_beng
_cCRL
041 _aeng
_2eng
084 _aR65,60cQ7:21 R3
084 _qCRL
100 _aMuktananda Au.
_9730235
245 0 _aNawa yogini tantra
_cMuktananda Au.
260 _aBihar, India
_bYoga Publications
_c2906
300 _aviii,232p.
365 _aINR
_b380
650 _aSPIRITUALISM
942 _cTB
_hR65,60cQ7:21 R3
999 _c1235294
_d1235294